000 00465nam a2200193Ia 4500
005 20240823024445.0
008 240823s9999||||xx |||||||||||||| ||und||
020 _a978-93-80228-20-4
041 _aENGLISH
082 _A658 P9
100 _aPrashant Mittal
245 0 _aProgramme Management
250 _a1st
260 _c2009
_bGlobal India Publication Pv
500 _aYES
650 _aManagement
_bManagement Studies
942 _cBK
999 _c183968
_d183968